000 00355 a2200121 4500
000 nam a22 7a 4500
005 20260217085107.0
020 _a9780812249286
100 _aLa Vopa, Anthony J.
_91116045
245 _aLabor of the mind: Intellect and gender in enlightement cultures
260 _bUniversity of Pennsylvania Press
_c2017
942 _cTB
999 _c1679789
_d1679789